Torschützenkönige in der Geschichte des AC Mailand - Statistiken

Allgemein
  • Dieses Quiz wurde 63 mal gespielt
  • Das Durchschnittsergebnis liegt bei 3 aus 10
Antwortstatistiken
Tore Nationalität Spieler % Korrekt
175 Ukraine Andrij Ševčenko
88%
125 Niederlande Marco Van Basten
83%
126 Italien Filippo Inzaghi
72%
104 Brasilien Kakà
71%
164 Italien Gianni Rivera
17%
221 Schweden Gunnar Nordahl
14%
161 Brasilien / Italien José Altafini
2%
102 Italien Pierino Prati
2%
136 Italien Aldo Boffi
0%
106 Italien Giuseppe Santagostino
0%
Keine übereinstimmenden Quizze gefunden
Verteilung der Resultate
Anzahl Personen mit jedem Resultat
Perzentil nach korrekt beantworteten Fragen
Ihre Resultats-Entwicklung
Sie haben dieses Quiz noch nicht gespielt